1837 1193 1922 1665 1325 1428 1762 1670 1054 1575 1102 1753 1996 1089 1166 1555 1881 1944 1201 1695 1139 1686 1260 1905 1751 1153 1526 1908 1629 1984 1202 1798 1287 1886 1350 1014 1704 1391 1055 1279 1774 1659 1337 1822 1564 1762 1344 1849 1302 1119 1315 1141 1834 1983 1828 1694 1693 1903 1920 1998 1530 1250 1319 1506 1834 1273 1758 1166 1948 1480 1410 1377 1528 1133 1003 1932 1890 1408 1280 1830 1538 1262 1518 1889 1578 1240 1543 1091 1897 1519 1355 1433 1632 1454 1755 1026 1387 1589 1718 BCNSPRNW ULIB Ver.6.0+V

เปลี่ยนเป็นภาษาไทย

Change to English
 แสดงรายละเอียดบรรณานุกรม
  กลับหน้าหลัก

Brief Record : Get Marc (ISO 2709) : E-mail record : QR code < ปิดหน้าต่าง
LEADER : 00000nam 2200000uu 4500
001    13399122132
003     ULIB
008    130102s2552||||th 000 0 tha d
020    9786119007185
099    นว.ท443พ
100 0  ทิตภากร
245 00 พยัคฆ์สาวเจ้าหัวใจชีค^cทิตภากร
260    ^bภัทรโยธิน อักษรศาสตร์^c2552
945    ^p249^l0^i028090
999    ^aกัณชพร
รายการนี้ยังไม่มีแท็ก
คุณยังไม่ได้ล็อกอิน คุณสามารถมีกิจกรรมร่วมกับเว็บไซต์ได้ แต่ต้องล็อกอินก่อน ::
  ล็อกอิน

รายการสื่อสารสนเทศ

ลำดับที่ ประเภท เลขเรียก/บาร์โค้ด สถานที่ สถานะ
1. นวนิยาย
นวนิยาย
นว.ท443พ  
  Barcode: 028090
ห้องสมุดวิทยาเขตสวรรค์ประชารักษ์
►นวนิยาย
บนชั้น
  ขอยืม

BibComment


ยังไม่เคยถูกคอมเมนท์

คอมเมนท์ทรัพยากรรายการนี้
  คอมเมนท์: พยัคฆ์สาวเจ้าหัวใ..


 Copyright 2026. Bcnsprnw @Library